Buy-to-let back with a bang (Record no. 83766)

MARC details
000 -LEADER
fixed length control field 00888cab a22001935a 4500
001 - CONTROL NUMBER
control field L154972
008 - FIXED-LENGTH DATA ELEMENTS--GENERAL INFORMATION
fixed length control field 120213s2012 xxk 000 0 eng d
035 ## - SYSTEM CONTROL NUMBER
System control number (Sirsi) u154972
041 0# - LANGUAGE CODE
Language code of text/sound track or separate title eng
100 1# - MAIN ENTRY--PERSONAL NAME
Personal name Kreeger, Duncan
245 00 - TITLE STATEMENT
Title Buy-to-let back with a bang
260 ## - PUBLICATION, DISTRIBUTION, ETC.
Date of publication, distribution, etc. 2012
490 #0 - SERIES STATEMENT
Series statement Sustainablebuilding inc Propertyforecast
Volume/sequential designation (61) January 2012, 14-15(2)
520 ## - SUMMARY, ETC.
Summary, etc. Charts the major come back of the buy-to-let-market which is thriving on the back of increased rental demand as first time buyers find it increasingly difficult to get onto the property ladder. The sector is proving extremely lucrative for professional property investors and landlords. Includes a graph of average rents and rental yields from September 2010 - Aug 2011 (LSL Property Services).
590 ## - LOCAL NOTE (RLIN)
Local note KA
651 #4 - SUBJECT ADDED ENTRY--GEOGRAPHIC NAME
Geographic name United Kingdom
Chronological subdivision
690 ## - LOCAL SUBJECT ADDED ENTRY--TOPICAL TERM (OCLC, RLIN)
Topical term or geographic name as entry element Residential property
9 (RLIN) 6266
942 ## - ADDED ENTRY ELEMENTS (KOHA)
Suppress in OPAC 0
Holdings
Withdrawn status Lost status Source of classification or shelving scheme Damaged status Not for loan Home library Current library Shelving location Date acquired Total Checkouts Full call number Barcode Date last seen Copy number Price effective from Koha item type
    Dewey Decimal Classification     London London Journal article 13/02/2012   L154972 154972-1001 06/08/2019 1 06/08/2019 Journal article